000 00909nam0a22002651 4500
001 rc\3284125
005 20250609173420.0
021 _aRU
_bРг1665-72
021 _aRU
_b71-79859
035 _a(NLR Aleph) 007399730
090 _a6699302
_c6699302
100 _a20130115d1971 |||y0rusy50 ca
101 0 _arus
102 _aRU
105 _aa z |||||
200 1 _aМетодическая разработка темы "Азот. Фосфор"
_e(IX класс)
_fМ-во прос. УССР. Науч.-исслед. ин-т педагогики
210 _aКиев
_cБ. и.
_d1971
215 _a92 с.
_cил.
_d20
532 1 3 _aМетодическая разработка темы Азот. Фосфор
700 1 _aЧайченко
_bН.Н.
_gНадежда Натановна
801 0 _aRU
_bNLR
_gpsbo
801 1 _aRU
_bELAR
_2rusmarc
852 _aNLR
_j72-4/1985
942 _cBOOK
980 _aNB